|
|
|
|
| LEADER |
00000nab a22000005a 4500 |
| 001 |
AR-BbUGT9904 |
| 003 |
AR-BbUGT |
| 005 |
20181220002626.0 |
| 007 |
ta |
| 008 |
110816s2010||||ag |||p |||| 0|||||spa d |
| 040 |
|
|
|a AR-BbUGT
|c AR-BbUGT
|
| 100 |
1 |
|
|a Miranda del Fresno, M. Carolina
|
| 245 |
1 |
0 |
|a Cartas de uso del suelo, una contribución a la planificación urbana
|
| 653 |
|
|
|a Uso del Suelo
|
| 653 |
|
|
|a Planeación Urbana
|
| 653 |
|
|
|a Técnicas Fotocartográficas
|
| 773 |
0 |
|
|o R7223.44
|g No. 147 (2010), p. 155-166
|t Revista Geográfica (IPGH)
|x 0556-6630
|w AR-BbUGT7013
|
| 942 |
|
|
|2 ddc
|c ARTPP
|
| 999 |
|
|
|c 15433
|d 15433
|